<?xml version="1.0" encoding="UTF-8"?><?xml-stylesheet type="text/xsl" href="static/style.xsl"?><OAI-PMH xmlns="http://www.openarchives.org/OAI/2.0/" xmlns:xsi="http://www.w3.org/2001/XMLSchema-instance" xsi:schemaLocation="http://www.openarchives.org/OAI/2.0/ http://www.openarchives.org/OAI/2.0/OAI-PMH.xsd"><responseDate>2026-04-14T05:43:29Z</responseDate><request verb="GetRecord" identifier="oai:www.recercat.cat:20.500.12327/3084" metadataPrefix="marc">https://recercat.cat/oai/request</request><GetRecord><record><header><identifier>oai:recercat.cat:20.500.12327/3084</identifier><datestamp>2025-10-22T11:21:26Z</datestamp><setSpec>com_2072_4428</setSpec><setSpec>com_2072_4427</setSpec><setSpec>col_2072_487898</setSpec></header><metadata><record xmlns="http://www.loc.gov/MARC21/slim" xmlns:dcterms="http://purl.org/dc/terms/" xmlns:xsi="http://www.w3.org/2001/XMLSchema-instance" xmlns:doc="http://www.lyncode.com/xoai" xsi:schemaLocation="http://www.loc.gov/MARC21/slim http://www.loc.gov/standards/marcxml/schema/MARC21slim.xsd">
   <leader>00925njm 22002777a 4500</leader>
   <datafield ind2=" " ind1=" " tag="042">
      <subfield code="a">dc</subfield>
   </datafield>
   <datafield ind2=" " ind1=" " tag="720">
      <subfield code="a">Sequeira, Angela</subfield>
      <subfield code="e">author</subfield>
   </datafield>
   <datafield ind2=" " ind1=" " tag="720">
      <subfield code="a">Calusinska, Magdalena</subfield>
      <subfield code="e">author</subfield>
   </datafield>
   <datafield ind2=" " ind1=" " tag="720">
      <subfield code="a">Finn, Roderick N.</subfield>
      <subfield code="e">author</subfield>
   </datafield>
   <datafield ind2=" " ind1=" " tag="720">
      <subfield code="a">Chauvigné, François</subfield>
      <subfield code="e">author</subfield>
   </datafield>
   <datafield ind2=" " ind1=" " tag="720">
      <subfield code="a">Lozano, Juanjo</subfield>
      <subfield code="e">author</subfield>
   </datafield>
   <datafield ind2=" " ind1=" " tag="720">
      <subfield code="a">Cerdà, Joan</subfield>
      <subfield code="e">author</subfield>
   </datafield>
   <datafield ind2=" " ind1=" " tag="260">
      <subfield code="c">2010-02-11</subfield>
   </datafield>
   <datafield ind2=" " ind1=" " tag="520">
      <subfield code="a">Background: Aquaporins are integral membrane proteins that facilitate the transport of water and small solutes&#xd;
across cell membranes. These proteins are vital for maintaining water homeostasis in living organisms. In mammals,&#xd;
thirteen aquaporins (AQP0-12) have been characterized, but in lower vertebrates, such as fish, the diversity,&#xd;
structure and substrate specificity of these membrane channel proteins are largely unknown.&#xd;
Results: The screening and isolation of transcripts from the zebrafish (Danio rerio) genome revealed eighteen&#xd;
sequences structurally related to the four subfamilies of tetrapod aquaporins, i.e., aquaporins (AQP0, -1 and -4),&#xd;
water and glycerol transporters or aquaglyceroporins (Glps; AQP3 and AQP7-10), a water and urea transporter&#xd;
(AQP8), and two unorthodox aquaporins (AQP11 and -12). Phylogenetic analyses of nucleotide and deduced amino&#xd;
acid sequences demonstrated dual paralogy between teleost and human aquaporins. Three of the duplicated&#xd;
zebrafish isoforms have unlinked loci, two have linked loci, while DrAqp8 was found in triplicate across two&#xd;
chromosomes. Genomic sequencing, structural analysis, and maximum likelihood reconstruction, further revealed&#xd;
the presence of a putative pseudogene that displays hybrid exons similar to tetrapod AQP5 and -1. Ectopic&#xd;
expression of the cloned transcripts in Xenopus laevis oocytes demonstrated that zebrafish aquaporins and Glps&#xd;
transport water or water, glycerol and urea, respectively, whereas DrAqp11b and -12 were not functional in&#xd;
oocytes. Contrary to humans and some rodents, intrachromosomal duplicates of zebrafish AQP8 were water and&#xd;
urea permeable, while the genomic duplicate only transported water. All aquaporin transcripts were expressed in&#xd;
adult tissues and found to have divergent expression patterns. In some tissues, however, redundant expression of&#xd;
transcripts encoding two duplicated paralogs seems to occur.&#xd;
Conclusion: The zebrafish genome encodes the largest repertoire of functional vertebrate aquaporins with dual&#xd;
paralogy to human isoforms. Our data reveal an early and specific diversification of these integral membrane&#xd;
proteins at the root of the crown-clade of Teleostei. Despite the increase in gene copy number, zebrafish&#xd;
aquaporins mostly retain the substrate specificity characteristic of the tetrapod counterparts. Based upon the&#xd;
integration of phylogenetic, genomic and functional data we propose a new classification for the piscine&#xd;
aquaporin superfamily.</subfield>
   </datafield>
   <datafield ind1="8" ind2=" " tag="024">
      <subfield code="a">Tingaud-Sequeira, Angèle, Magdalena Calusinska, Roderick N Finn, François Chauvigné, Juanjo Lozano, and Joan Cerdà. 2010. “The Zebrafish Genome Encodes the Largest Vertebrate Repertoire of Functional Aquaporins With Dual Paralogy and Substrate Specificities Similar to Mammals.” BMC Evolutionary Biology 10 (1): 38. doi: 10.1186/1471-2148-10-38</subfield>
   </datafield>
   <datafield ind1="8" ind2=" " tag="024">
      <subfield code="a">1471-2148</subfield>
   </datafield>
   <datafield ind1="8" ind2=" " tag="024">
      <subfield code="a">http://hdl.handle.net/20.500.12327/3084</subfield>
   </datafield>
   <datafield ind1="8" ind2=" " tag="024">
      <subfield code="a">https://doi.org/10.1186/1471-2148-10-38</subfield>
   </datafield>
   <datafield ind2="0" ind1="0" tag="245">
      <subfield code="a">The zebrafish genome encodes the largest vertebrate repertoire of functional aquaporins with dual paralogy and substrate specificities similar to mammals</subfield>
   </datafield>
</record></metadata></record></GetRecord></OAI-PMH>